000 00745nam a22002417a 4500
999 _c14758
_d14758
003 MIRAKIL
005 20220119152557.0
008 220119b tu ||||| |||| 00| 0 tur d
020 _a978605880397
040 _aTR-AnCHP
_btur
_cTR-AnCHP
041 _atur
082 _a320.9561
_bE45b 2012
100 _aEliaçık, R. İhsan
245 _aBu belde:
_bTürkiye yazıları 2006/2010 /
_cR. İhsan Eliaçık
246 _aTürkiye yazıları 2006/2010
250 _a2 bs.
260 _aİstanbul:
_binşa yayınları,
_c2012.
300 _a221 s.:
_c21 sm.
600 0 _95191
_aEliaçık, İhsan R.
_c1961-
_xÇeşitli yazılar
650 0 _aSiyaset ve yönetim
_xTürkiye
_99
856 _zTürkiye yazıları 2006/2010
942 _2ddc
_cBKS